000 00743cam a2200265 4500
001 45107
010 _a9727800505
021 _b152722/00
090 _a45107
100 _a20010216d2000 d y0pory5003 ba
101 1 _apor
102 _aPT
200 1 _aJogos de engenho
_fJosep M. Allué
_gil. Luis Filella e Gloria Garcia
_gtrad. Ana Mafalda Tello
205 _a1<U+00AA> ed
210 9 _aLisboa
_cÂncora,
_d2000
215 _a63, [1] p.
_cil.
_d28 cm
225 2 _aGrandes ideias para jogar
304 _aTít. orig.: Juegos de ingenio
675 _a087.5
_vBN
_zpor
700 1 _aAllué,
_bJosep M.
702 1 _aFilella,
_bLuís
_4440
702 1 _aGarcía,
_bGloria
_4440
702 1 _aTelo,
_bAna Mafalda
_4730
801 _aPT
_gRPC
990 _cLIVROS